[Event "Veterans Bdr 2016"]
[Site "Aubagne"]
[Date "2016.12.05"]
[Round "1.1"]
[White "Sage, Jean-Claude"]
[Black "Kleitz, Michel"]
[Result "0-1"]
[WhiteElo "1580"]
[BlackElo "1786"]
[PlyCount "72"]
[EventDate "2016.??.??"]

1. e4 c5 2. Nc3 a6 3. a4 e6 4. f4 d5 5. Nf3 Nc6 6. b3 Nf6 7. e5 d4 8. exf6 dxc3
9. Ne5 Nxe5 10. fxe5 Qd4 11. Be2 Qxe5 12. O-O gxf6 13. dxc3 Bg7 14. Rb1 f5 15.
Bb2 O-O 16. Bd3 b6 17. Qh5 Qe3+ 18. Kh1 Qh6 19. Qf3 Rb8 20. Qe2 Bb7 21. Bxa6
Ba8 22. Bd3 Rfd8 23. Bc1 Qf6 24. c4 Qg6 25. Bf4 Rb7 26. Be5 Rbd7 27. Bxg7 Kxg7
28. Rf4 f6 29. Rbf1 Kf7 30. R1f2 Rd4 31. Qe3 Qg5 32. Be2 e5 33. Qxe5 fxe5 34.
Rxf5+ Qxf5 35. Rxf5+ Ke6 36. Rf1 Rd2 0-1

[Event "Veterans Bdr 2016"]
[Site "Aubagne"]
[Date "2016.12.05"]
[Round "1.2"]
[White "Battaglia, Gerard"]
[Black "Alfaro, Michel"]
[Result "1-0"]
[WhiteElo "1760"]
[BlackElo "1548"]
[PlyCount "91"]
[EventDate "2016.??.??"]

1. d4 Nf6 2. c4 e6 3. Nf3 Bb4+ 4. Bd2 Bxd2+ 5. Nbxd2 O-O 6. e4 d5 7. e5 Nfd7 8.
Rc1 c5 9. Nb3 cxd4 10. Nbxd4 Qa5+ 11. Qd2 Qxd2+ 12. Kxd2 dxc4 13. Bxc4 Rd8 14.
Ke3 Nb6 15. Bb3 Bd7 16. Rc5 Nc6 17. Nb5 Rac8 18. Nd6 Rb8 19. Rd1 Be8 20. Rc3
Na5 21. Rc7 Nxb3 22. axb3 Nd5+ 23. Rxd5 exd5 24. Kd4 Rd7 25. Nxe8 Rxc7 26. Nxc7
Rc8 27. Nxd5 Rc2 28. Ke3 Rxb2 29. Nd4 Ra2 30. g4 Ra5 31. Ke4 Kf8 32. h4 Ke8 33.
f4 Rc5 34. Nf5 Kf8 35. Kd4 Rc1 36. h5 Rg1 37. Nfe3 Ke8 38. h6 Kf8 39. hxg7+
Kxg7 40. f5 a5 41. e6 fxe6 42. fxe6 Kf8 43. Kc5 Rb1 44. Kd6 Rxb3 45. e7+ Kf7
46. Kd7 1-0

[Event "Veterans Bdr 2016"]
[Site "Aubagne"]
[Date "2016.12.05"]
[Round "1.3"]
[White "Lassalle, Marc"]
[Black "Quet, Jean-Francois"]
[Result "0-1"]
[WhiteElo "1480"]
[BlackElo "1730"]
[PlyCount "72"]
[EventDate "2016.??.??"]

1. e4 c5 2. d4 cxd4 3. c3 dxc3 4. Nxc3 Nc6 5. Nf3 a6 6. a4 e6 7. e5 Qa5 8. Bf4
Bb4 9. Qc2 Nge7 10. Bd3 Nd5 11. Bd2 Nxc3 12. bxc3 Nxe5 13. cxb4 Nxf3+ 14. gxf3
Qe5+ 15. Be4 Qxa1+ 16. Bc1 d5 17. Bd3 Bd7 18. O-O Qe5 19. Bb2 Qg5+ 20. Kh1 Rc8
21. Qb3 Rg8 22. Rg1 Qh6 23. b5 a5 24. b6 Qf4 25. Bb5 Qb4 26. Bxd7+ Kxd7 27.
Qxb4 axb4 28. a5 g6 29. Ra1 Ra8 30. Rc1 Rgc8 31. Ra1 Kc6 32. Be5 Kb5 33. Bc7
Rxa5 34. Rb1 Rca8 35. Kg2 f6 36. Kg3 d4 0-1

[Event "Veterans Bdr 2016"]
[Site "Aubagne"]
[Date "2016.12.05"]
[Round "1.4"]
[White "Thiers, Jean-Jacques"]
[Black "Vicari-Vento, Salvatore"]
[Result "1-0"]
[WhiteElo "1726"]
[BlackElo "1477"]
[PlyCount "119"]
[EventDate "2016.??.??"]

1. e4 c5 2. Nf3 d6 3. c3 Nf6 4. d3 a6 5. Be2 e5 6. Bg5 Be7 7. Nbd2 b5 8. h3 O-O
9. O-O Nbd7 10. Nh2 h6 11. Be3 Bb7 12. c4 b4 13. f4 exf4 14. Bxf4 Ne5 15. Rf2
Bc8 16. Ndf1 Nc6 17. Ne3 Nd4 18. Bf1 Ne6 19. Nhg4 Nxf4 20. Rxf4 Nxg4 21. Nxg4
Bxg4 22. Qxg4 Bf6 23. Rf2 Bd4 24. Qe2 Bxf2+ 25. Qxf2 Qf6 26. Qxf6 gxf6 27. Be2
Ra7 28. Rf1 Kg7 29. Bg4 Re7 30. Rf3 Re5 31. Kf2 a5 32. Bd7 h5 33. g3 Ra8 34. b3
Ra7 35. Bc6 Rae7 36. Bd5 Kg6 37. h4 Kg7 38. Rf4 f5 39. Rxf5 Rxf5+ 40. exf5 Kf6
41. Be4 Ke5 42. Bf3 Kd4 43. Bxh5 Kxd3 44. g4 f6 45. g5 fxg5 46. hxg5 Rg7 47.
Bg6 Kc3 48. f6 Rxg6 49. f7 Rxg5 50. f8=Q Kb2 51. Qf6+ Re5 52. Qxd6 Rf5+ 53. Ke3
Kxa2 54. Qd7 Rh5 55. Qd2+ Ka3 56. Kd3 Rh3+ 57. Kc2 Rc3+ 58. Kb1 Rxb3+ 59. Ka1
Ka4 60. Qc2 1-0

[Event "Veterans Bdr 2016"]
[Site "Aubagne"]
[Date "2016.12.05"]
[Round "1.5"]
[White "Le Gall, Louis"]
[Black "Derien, Robert"]
[Result "0-1"]
[WhiteElo "1474"]
[BlackElo "1633"]
[PlyCount "70"]
[EventDate "2016.??.??"]

1. e4 d5 2. exd5 Qxd5 3. Nc3 Qa5 4. d4 Nf6 5. Bd3 Nc6 6. Nf3 Bg4 7. Be3 e5 8.
O-O exd4 9. Bxd4 Nxd4 10. Re1+ Be7 11. Be2 Nxf3+ 12. Bxf3 Qb4 13. Nd5 Nxd5 14.
Qxd5 Bxf3 15. Qxf3 O-O 16. Re4 Qxb2 17. Rae1 Bd6 18. Qe3 b6 19. Qd3 Qxa2 20. h4
Qa5 21. g4 Rad8 22. Qe2 Qd5 23. g5 g6 24. Qg4 f6 25. gxf6 Rxf6 26. Re8+ Rxe8
27. Rxe8+ Rf8 28. Re3 Qf5 29. Qg2 Bc5 30. Re2 Qh5 31. Rd2 Qe5 32. Qf1 Qe4 33.
h5 Qg4+ 34. Kh1 Qxh5+ 35. Kg1 Qg5+ 0-1

[Event "Veterans Bdr 2016"]
[Site "Aubagne"]
[Date "2016.12.05"]
[Round "1.6"]
[White "Vialette, Eric"]
[Black "Amoros, Jean"]
[Result "1-0"]
[WhiteElo "1618"]
[BlackElo "1458"]
[PlyCount "69"]
[EventDate "2016.??.??"]

1. e4 d5 2. exd5 Nf6 3. d4 Nxd5 4. Nf3 e6 5. Be2 Bb4+ 6. c3 Ba5 7. O-O c6 8.
Re1 Nd7 9. a3 N7f6 10. b4 Bc7 11. Bc4 h6 12. Ne5 O-O 13. Bb3 a5 14. c4 Ne7 15.
Bb2 Nd7 16. Qg4 Nxe5 17. dxe5 Nf5 18. Nc3 Qe7 19. Ne4 axb4 20. a4 c5 21. Bc2
Nd4 22. Nf6+ Kh8 23. Nh5 Rg8 24. Bxd4 cxd4 25. Qe4 g6 26. Nf6 Rg7 27. Qh4 Rh7
28. Qxd4 Rg7 29. Rad1 b6 30. Rd3 Bb7 31. Rh3 h5 32. Qf4 Rh7 33. Nxh7 Kxh7 34.
Rxh5+ Kg7 35. Qh6+ 1-0

[Event "Veterans Bdr 2016"]
[Site "Aubagne"]
[Date "2016.12.05"]
[Round "1.7"]
[White "Cotton, Paul"]
[Black "Graells, Christian"]
[Result "0-1"]
[WhiteElo "1454"]
[BlackElo "1611"]
[PlyCount "100"]
[EventDate "2016.??.??"]

1. Nf3 d5 2. g3 Nc6 3. Bg2 e5 4. d3 Nf6 5. O-O Be7 6. b3 O-O 7. c4 d4 8. Re1
Bg4 9. Nbd2 Bb4 10. a3 Bc3 11. Ra2 Rb8 12. Rf1 Qd6 13. Nb1 e4 14. Nxc3 dxc3 15.
dxe4 Nxe4 16. Qxd6 Nxd6 17. Rd1 Rfe8 18. Bf4 Bf5 19. e3 Na5 20. Nd4 c2 21. Rc1
Bd3 22. Rb2 c5 23. Nxc2 Rbd8 24. Rd1 Bxc2 25. Rxc2 Nf5 26. Rcd2 Rxd2 27. Rxd2
b6 28. g4 Nh4 29. b4 Nxc4 30. Bc6 Nf3+ 31. Kg2 Nfxd2 32. Bxe8 Nxa3 33. bxc5
bxc5 34. Bd6 Ne4 35. Be7 Nc4 36. Bc6 Ned6 37. Bd5 a5 38. Bxc4 Nxc4 39. Bxc5 a4
40. Kf1 a3 41. Bd4 Nd2+ 42. Ke1 Nf3+ 43. Kd1 Nxd4 44. Kc1 Nf3 45. Kb1 Nxh2 46.
g5 Nf3 47. g6 fxg6 48. Ka2 h5 49. Kxa3 h4 50. e4 h3 0-1

[Event "Veterans Bdr 2016"]
[Site "Aubagne"]
[Date "2016.12.05"]
[Round "1.8"]
[White "Corrias, Robert"]
[Black "Rouaud, Robert"]
[Result "1-0"]
[WhiteElo "1596"]
[BlackElo "1442"]
[PlyCount "113"]
[EventDate "2016.??.??"]

1. e4 e5 2. Nf3 d6 3. d4 exd4 4. Nxd4 Be7 5. Nc3 c6 6. Be2 Nf6 7. O-O Nbd7 8.
Nf5 Rg8 9. Nxd6+ Bxd6 10. Qxd6 Qe7 11. Bf4 g5 12. Bg3 Rg6 13. Rad1 Nxe4 14.
Qxe7+ Kxe7 15. Nxe4 h6 16. Bh5 Re6 17. Nd6 f6 18. Nxc8+ Rxc8 19. Bg4 Nc5 20.
Bxe6 Kxe6 21. Rfe1+ Kf7 22. Bd6 Ne6 23. c4 b6 24. b4 a6 25. c5 b5 26. Rd2 Ng7
27. Re7+ Kg6 28. Rde2 Nf5 29. Ra7 Nd4 30. Ree7 Nf5 31. Red7 Re8 32. Kf1 Re4 33.
a3 Rc4 34. g3 Nd4 35. Kg2 g4 36. Bf4 Nf3 37. Rd1 Rc3 38. Rxa6 h5 39. Ra1 Kf5
40. Rxc6 Nh4+ 41. gxh4 Kxf4 42. Rxf6+ Ke5 43. Rh6 Kf4 44. Rxh5 Ke4 45. Re1+ Kd4
46. Rhe5 Kc4 47. R5e3 Rxe3 48. Rxe3 g3 49. hxg3 Kd4 50. h5 Kc4 51. c6 Kd5 52.
c7 Kd6 53. c8=Q Kd5 54. Rd3+ Ke4 55. Qd7 Ke5 56. f4+ Ke4 57. Qd5# 1-0

[Event "Veterans Bdr 2016"]
[Site "Aubagne"]
[Date "2016.12.05"]
[Round "1.9"]
[White "Souesme, Gerard"]
[Black "Marku, Demeter"]
[Result "1/2-1/2"]
[WhiteElo "1433"]
[BlackElo "1595"]
[PlyCount "102"]
[EventDate "2016.??.??"]

1. e4 c5 2. Nf3 Nc6 3. d4 cxd4 4. Nxd4 e5 5. Nf3 Bc5 6. Nc3 Nf6 7. Bd3 O-O 8.
O-O d6 9. Na4 Bb4 10. c3 Ba5 11. b4 Bc7 12. Nb2 d5 13. Bg5 d4 14. cxd4 exd4 15.
Bxf6 Qxf6 16. Bb5 Bg4 17. Bxc6 Bxf3 18. Qxf3 Qxf3 19. gxf3 bxc6 20. Rac1 Rac8
21. Rfd1 Bf4 22. Rc4 Be5 23. Nd3 Bb8 24. Nc5 f5 25. Rcxd4 Be5 26. Rd7 Rf6 27.
Rd8+ Rxd8 28. Rxd8+ Kf7 29. Rd7+ Ke8 30. Rxg7 Rh6 31. Rg2 Rd6 32. Kf1 Rd2 33.
exf5 Rxa2 34. Rg8+ Kf7 35. Rc8 Rb2 36. Nd3 Rb1+ 37. Kg2 Bd6 38. Rxc6 Bxb4 39.
Nxb4 Rxb4 40. Rc7+ Kf6 41. Rxa7 h5 42. Ra5 Rb1 43. f4 Rb3 44. h4 Rc3 45. f3
Rc2+ 46. Kg3 Rc1 47. Ra2 Kxf5 48. Ra5+ Kg6 49. f5+ Kf6 50. Kf4 Rc4+ 51. Kg3 Rc1
1/2-1/2

[Event "Veterans Bdr 2016"]
[Site "Aubagne"]
[Date "2016.12.05"]
[Round "1.10"]
[White "Roman, Sylvian"]
[Black "Perdiolat, Francis"]
[Result "0-1"]
[WhiteElo "1323"]
[BlackElo "1407"]
[PlyCount "88"]
[EventDate "2016.??.??"]

1. e4 d6 2. d4 Nf6 3. Nc3 g6 4. Nf3 Bg7 5. Bc4 O-O 6. O-O e5 7. Bg5 Nbd7 8. b4
b6 9. Bd5 Rb8 10. Bc6 Bb7 11. Bxd7 Qxd7 12. d5 c6 13. Bxf6 Bxf6 14. Rb1 Be7 15.
Qd2 Kg7 16. Rfc1 h6 17. dxc6 Bxc6 18. b5 Bb7 19. Nxe5 Qd8 20. Nf3 f5 21. e5
dxe5 22. Qxd8 Rbxd8 23. Nxe5 Bf6 24. Nc6 Bxc6 25. bxc6 Bxc3 26. Rd1 Rxd1+ 27.
Rxd1 Rc8 28. Rd7+ Kf6 29. Rd6+ Kg5 30. g3 f4 31. Kg2 Be5 32. h4+ Kf5 33. g4+
Kxg4 34. Rxg6+ Kxh4 35. Rxh6+ Kg5 36. Re6 Kf5 37. Rh6 Bg7 38. Rh5+ Ke6 39. Rg5
Bf6 40. Rg4 Rxc6 41. Rxf4 Rxc2 42. a4 Be5 43. Rg4 Kd5 44. Kf3 Rc4 0-1

[Event "Veterans Bdr 2016"]
[Site "Aubagne"]
[Date "2016.12.05"]
[Round "1.11"]
[White "Kauder, Wilfried"]
[Black "Blondelon, Claude"]
[Result "1-0"]
[WhiteElo "1399"]
[BlackElo "1315"]
[PlyCount "59"]
[EventDate "2016.??.??"]

1. e4 e6 2. d4 d5 3. Nc3 Nf6 4. e5 Nfd7 5. a3 c5 6. Bb5 Nc6 7. Bxc6 bxc6 8. Nf3
cxd4 9. Bg5 Be7 10. Bxe7 Qxe7 11. Nxd4 Bb7 12. Qe2 O-O 13. O-O Rad8 14. f4 Nc5
15. f5 exf5 16. Nxf5 Qe6 17. Qg4 Qxe5 18. Nh6+ Kh8 19. Rxf7 gxh6 20. Raf1 Rxf7
21. Rxf7 Qe1+ 22. Rf1 Qe6 23. Qd4+ Kg8 24. Qxc5 Qg6 25. Rf3 Qe6 26. Rg3+ Kf7
27. Qf2+ Ke7 28. Re3 Bc8 29. Rxe6+ Bxe6 30. Qxa7+ 1-0

[Event "Veterans Bdr 2016"]
[Site "Aubagne"]
[Date "2016.12.05"]
[Round "1.12"]
[White "Reynaud, Jacques"]
[Black "Autouard, Jean-Luc"]
[Result "1-0"]
[WhiteElo "1315"]
[BlackElo "1378"]
[PlyCount "65"]
[EventDate "2016.??.??"]

1. Nf3 e6 2. d4 Be7 3. Bf4 d6 4. e3 a6 5. c4 Nf6 6. h3 Nc6 7. Nc3 d5 8. a3 Ne4
9. cxd5 exd5 10. Rc1 O-O 11. Bd3 f5 12. Qb3 Nf6 13. O-O Na5 14. Qc2 g6 15. Ne5
Nh5 16. Bh6 Rf6 17. b4 Nc6 18. Nxd5 Re6 19. Nxe7+ Qxe7 20. Bc4 g5 21. Qxf5 Ng7
22. Bxg7 Kxg7 23. Bxe6 Bxe6 24. Nxc6 bxc6 25. Qe5+ Kf7 26. Rxc6 Rd8 27. Rd1 Rd5
28. Qh8 Bf5 29. Rdc1 Rd8 30. Qe5 Qxe5 31. dxe5 Ke7 32. Rxc7+ Bd7 33. Rd1 1-0

[Event "Veterans Bdr 2016"]
[Site "Aubagne"]
[Date "2016.12.05"]
[Round "1.13"]
[White "Roche, Alain"]
[Black "Person, Claude"]
[Result "1-0"]
[WhiteElo "1372"]
[BlackElo "1236"]
[PlyCount "131"]
[EventDate "2016.??.??"]

1. e4 c5 2. Nf3 d6 3. h3 b6 4. c3 Bb7 5. Qc2 e5 6. Bc4 Qe7 7. O-O h6 8. d4 Nf6
9. Nbd2 Nbd7 10. a4 a5 11. Re1 Ba6 12. Bb5 Bxb5 13. axb5 g5 14. dxe5 dxe5 15.
Nc4 Qd8 16. Rd1 Qc7 17. Be3 O-O-O 18. b4 cxb4 19. Rxd7 Nxd7 20. Qb3 Nc5 21.
Bxc5 Bxc5 22. Ncxe5 f6 23. Qe6+ Kb7 24. Nc6 Rd6 25. Qc4 Rhd8 26. g3 Rf8 27.
cxb4 Bxb4 28. Rc1 Bc5 29. Rc3 Qf7 30. Qe2 Re8 31. e5 fxe5 32. Ncxe5 Qf6 33.
Qe4+ Kc7 34. Rxc5+ bxc5 35. Qc4 Kb6 36. Qe4 Qe6 37. Nc4+ Kxb5 38. Nxd6+ Qxd6
39. Qxe8+ Qc6 40. Qe2+ Kb4 41. Ne5 Qd5 42. Qb2+ Qb3 43. Nc6+ Ka4 44. Qa1+ Qa3
45. Qd1+ Qb3 46. Qg4+ Kb5 47. Na7+ Kb6 48. Nc8+ Kc7 49. Ne7 Kd6 50. Nf5+ Kc6
51. Nxh6 Qb1+ 52. Kh2 Qf1 53. Qf3+ Kb5 54. h4 gxh4 55. gxh4 Qc1 56. Ng4 Qb1 57.
Qb7+ Ka4 58. Qxb1 c4 59. Ne3 c3 60. Qc2+ Kb4 61. h5 a4 62. h6 a3 63. h7 a2 64.
Qxa2 c2 65. Nxc2+ Kc5 66. h8=Q 1-0

[Event "Veterans Bdr 2016"]
[Site "Aubagne"]
[Date "2016.12.05"]
[Round "1.14"]
[White "Frontera, Pierre"]
[Black "San-Nicolas, Robert"]
[Result "1-0"]
[WhiteElo "1230"]
[BlackElo "1371"]
[PlyCount "61"]
[EventDate "2016.??.??"]

1. c4 g6 2. e4 Bg7 3. Nc3 d6 4. Be2 Nc6 5. Nf3 e6 6. O-O Nge7 7. Rb1 O-O 8. d4
d5 9. cxd5 exd5 10. e5 f6 11. a3 fxe5 12. Be3 Be6 13. Ng5 Bf5 14. Rc1 exd4 15.
Bf4 dxc3 16. bxc3 h6 17. Nf3 Be4 18. Be3 Nf5 19. Bc5 Rf7 20. g3 b6 21. Be3 d4
22. cxd4 Nfxd4 23. Nxd4 Nxd4 24. Bxd4 Rd7 25. Bc4+ Kh8 26. Bxg7+ Kxg7 27. Qg4
Rd4 28. Qf4 Qd7 29. Qe5+ Kh7 30. Be6 Qd6 31. Rxc7+ 1-0

[Event "Veterans Bdr 2016"]
[Site "Aubagne"]
[Date "2016.12.05"]
[Round "1.15"]
[White "Hunault, Francis"]
[Black "Pietrac, Christian"]
[Result "1-0"]
[WhiteElo "1358"]
[BlackElo "1201"]
[PlyCount "37"]
[EventDate "2016.??.??"]

1. d4 Nf6 2. c4 d6 3. Nc3 g6 4. e4 Bg7 5. Nf3 O-O 6. Be2 b6 7. h4 Bb7 8. Qd3
Re8 9. Bg5 h6 10. Bf4 Nfd7 11. Qe3 Kh7 12. O-O-O a5 13. e5 a4 14. e6 fxe6 15.
Qxe6 Rf8 16. Ng5+ hxg5 17. hxg5+ Bh6 18. Rxh6+ Kg7 19. Qxg6# 1-0

[Event "Veterans Bdr 2016"]
[Site "Aubagne"]
[Date "2016.12.05"]
[Round "1.16"]
[White "Masson, Wally"]
[Black "Ulloa, Philippe"]
[Result "1-0"]
[WhiteElo "1189"]
[BlackElo "1351"]
[PlyCount "112"]
[EventDate "2016.??.??"]

1. e4 e5 2. Nf3 d6 3. Bc4 h6 4. d4 exd4 5. Qxd4 Nc6 6. Qd5 Be6 7. Qb5 Bc8 8.
O-O a6 9. Qb3 Qe7 10. Re1 Na5 11. Qd3 Nxc4 12. Qxc4 b5 13. Qc6+ Qd7 14. Qxa8
Be7 15. Qd5 Nf6 16. Qf5 O-O 17. Qxd7 Bxd7 18. e5 dxe5 19. Nxe5 Bc8 20. Bf4 Nh5
21. Nd3 Bf6 22. Nc3 c6 23. Bd6 Rd8 24. Be7 Bxe7 25. Rxe7 Nf6 26. Rae1 Bd7 27.
Nc5 Bc8 28. h3 Kf8 29. R7e3 b4 30. N3e4 Nd5 31. Rd3 Re8 32. Kf1 a5 33. Nd6 Rd8
34. Nxc8 Rxc8 35. Nd7+ Kg8 36. Rf3 Rd8 37. Ne5 f6 38. Nxc6 Rc8 39. Rf5 Rxc6 40.
Rxd5 Rxc2 41. Rd8+ Kf7 42. Rd7+ Kg6 43. Re2 Rc1+ 44. Re1 Rc5 45. g4 Rc2 46. Re2
Rc1+ 47. Kg2 Rc5 48. h4 Rc4 49. h5+ Kh7 50. f3 Rc5 51. Re6 Rc2+ 52. Kg3 Rxb2
53. Rxf6 Rxa2 54. g5 hxg5 55. h6 Kg8 56. Rxg7+ Kh8 1-0

[Event "Veterans Bdr 2016"]
[Site "Aubagne"]
[Date "2016.12.05"]
[Round "1.17"]
[White "Porte, Jacques"]
[Black "Veith, Irene"]
[Result "1-0"]
[WhiteElo "1346"]
[BlackElo "1122"]
[PlyCount "57"]
[EventDate "2016.??.??"]

1. d4 Nf6 2. c4 e6 3. Nc3 Bb4 4. Nf3 d6 5. Bg5 c6 6. e4 Bxc3+ 7. bxc3 Nbd7 8.
Bd3 h6 9. Bf4 Qc7 10. c5 e5 11. cxd6 Qxd6 12. dxe5 Nxe5 13. Bxe5 Qe6 14. O-O
O-O 15. Bxf6 Qxf6 16. e5 Qf4 17. Re1 Bg4 18. Re4 Bxf3 19. Qxf3 Qxf3 20. gxf3
Rad8 21. Rd1 f6 22. exf6 Rxf6 23. Bc4+ Kh7 24. Rxd8 Rxf3 25. Bg8+ Kg6 26. Rd6+
Kf5 27. Bh7+ Kg5 28. h4+ Kh5 29. Bg6# 1-0

[Event "Veterans Bdr 2016"]
[Site "Aubagne"]
[Date "2016.12.05"]
[Round "2.1"]
[White "Kleitz, Michel"]
[Black "Vialette, Eric"]
[Result "1-0"]
[WhiteElo "1786"]
[BlackElo "1618"]
[PlyCount "97"]
[EventDate "2016.??.??"]

1. d4 Nf6 2. c4 c5 3. d5 b5 4. cxb5 a6 5. bxa6 Bxa6 6. Nc3 d6 7. Nf3 g6 8. Nd2
Bg7 9. e4 Bxf1 10. Nxf1 Nbd7 11. Ne3 O-O 12. O-O Nb6 13. Qd3 Ra5 14. Bd2 Qa8
15. b3 Nfd7 16. a4 Rc8 17. Qc2 Ra7 18. Ra3 Rb8 19. Nb5 Rab7 20. Ra2 Rf8 21. Bc3
Bxc3 22. Nxc3 Nb8 23. Ra3 Na6 24. Rfa1 Nb4 25. Qe2 Nd7 26. Nc4 Nb6 27. Nxb6
Rxb6 28. Rc1 Rc8 29. Raa1 Rc7 30. Rab1 Rcb7 31. Nb5 f6 32. Rc3 Qf8 33. f4 Qg7
34. Re3 Ra6 35. Rd1 Ra8 36. e5 fxe5 37. fxe5 dxe5 38. Rxe5 Rd7 39. d6 Nc6 40.
Rxc5 Nd8 41. dxe7 Rxd1+ 42. Qxd1 Qxe7 43. Rc3 Ne6 44. Re3 Rd8 45. Qe1 Qc5 46.
Kh1 Ng7 47. h3 Qh5 48. Qc1 Nf5 49. Rc3 1-0

[Event "Veterans Bdr 2016"]
[Site "Aubagne"]
[Date "2016.12.05"]
[Round "2.2"]
[White "Derien, Robert"]
[Black "Battaglia, Gerard"]
[Result "0-1"]
[WhiteElo "1633"]
[BlackElo "1760"]
[PlyCount "80"]
[EventDate "2016.??.??"]

1. e4 e6 2. d4 d5 3. Nd2 Nf6 4. e5 Nfd7 5. Ngf3 c5 6. c3 Nc6 7. Be2 Be7 8. h4
a6 9. a3 b5 10. dxc5 Bxc5 11. b4 Be7 12. Nb3 Ncxe5 13. Nxe5 Nxe5 14. Qd4 f6 15.
Be3 O-O 16. Rd1 Bd7 17. Na5 Qc7 18. Rh3 Rac8 19. Bd2 Bd6 20. h5 Nf7 21. f4 e5
22. Qxd5 Bxh3 23. gxh3 exf4 24. Bf3 Kh8 25. Kf1 Ng5 26. Bg4 Rce8 27. h4 Ne4 28.
Be1 Re5 29. Qd3 Rd8 30. Nb3 Be7 31. Nd4 f5 32. Bxf5 Ng3+ 33. Bxg3 fxg3 34. Bxh7
Rxh5 35. Be4 Rxh4 36. Bg2 Rh2 37. Qf3 Rf8 38. Nf5 Qc4+ 39. Rd3 Qa2 40. Qe4 Qf2#
0-1

[Event "Veterans Bdr 2016"]
[Site "Aubagne"]
[Date "2016.12.05"]
[Round "2.3"]
[White "Quet, Jean-Francois"]
[Black "Corrias, Robert"]
[Result "1-0"]
[WhiteElo "1730"]
[BlackElo "1596"]
[PlyCount "61"]
[EventDate "2016.??.??"]

1. d4 Nf6 2. c4 d5 3. Nc3 e6 4. cxd5 exd5 5. Nf3 c6 6. Bg5 Be7 7. e3 O-O 8. Bd3
Be6 9. Qb1 Nbd7 10. O-O Re8 11. b4 Qb6 12. a3 Qc7 13. Rc1 h6 14. Bf4 Qd8 15.
Na4 b5 16. Nc3 Rc8 17. a4 a6 18. axb5 axb5 19. Ra6 Nb8 20. Bxb8 Rxb8 21. Rxc6
Bd7 22. Ne5 Rb7 23. Nxd7 Qxd7 24. Nxb5 Bf8 25. Bf5 Qe7 26. Nd6 Reb8 27. Nxb7
Rxb7 28. b5 g6 29. Bxg6 fxg6 30. Qxg6+ Bg7 31. Rc8+ 1-0

[Event "Veterans Bdr 2016"]
[Site "Aubagne"]
[Date "2016.12.05"]
[Round "2.4"]
[White "Graells, Christian"]
[Black "Thiers, Jean-Jacques"]
[Result "1-0"]
[WhiteElo "1611"]
[BlackElo "1726"]
[PlyCount "143"]
[EventDate "2016.??.??"]

1. e4 e5 2. Nf3 Nc6 3. Bb5 a6 4. Ba4 d6 5. h3 Nf6 6. d3 h6 7. O-O b5 8. Bb3 Be7
9. c3 O-O 10. Re1 Re8 11. Nbd2 Bf8 12. Nf1 Bb7 13. a4 Qd7 14. Nh4 Na5 15. Bc2
c5 16. Nf5 Nc6 17. N1g3 Ne7 18. Qf3 Kh7 19. d4 Neg8 20. d5 b4 21. cxb4 cxb4 22.
Qb3 a5 23. Qf3 Be7 24. Bd2 Rec8 25. Rac1 Ba6 26. b3 Ra7 27. Bd3 Bxd3 28. Rxc8
Qxc8 29. Qxd3 Bd8 30. Nxd6 Qd7 31. Ngf5 g6 32. Qg3 gxf5 33. Nxf5 Ne8 34. Qxe5
Bf6 35. Qg3 Qc7 36. Qd3 Bg7 37. Nxg7 Nxg7 38. e5+ Kh8 39. Re4 Qc8 40. Rh4 Qf5
41. Qg3 f6 42. Bxh6 Nxh6 43. Rxh6+ Kg8 44. Qh4 Qxe5 45. Rxf6 Qxd5 46. Qf4 Rf7
47. Qb8+ Kh7 48. Rd6 Qf5 49. Qb6 Qf4 50. g3 Qf5 51. Rh6+ Kg8 52. Qe3 Rf6 53.
Rh4 Ne6 54. Rg4+ Rg6 55. Rh4 Ng5 56. Qe8+ Kg7 57. Qh8+ Kf7 58. Rf4 Nxh3+ 59.
Qxh3 Qxf4 60. Qd7+ Kg8 61. Qe8+ Kh7 62. Qxg6+ Kxg6 63. gxf4 Kf5 64. Kf1 Kxf4
65. Ke2 Ke4 66. Kd2 Kf3 67. Kd3 Kxf2 68. Kc4 Ke3 69. Kb5 Kd4 70. Kxa5 Kc5 71.
Ka6 Kc6 72. a5 1-0

[Event "Veterans Bdr 2016"]
[Site "Aubagne"]
[Date "2016.12.05"]
[Round "2.5"]
[White "Marku, Demeter"]
[Black "Sage, Jean-Claude"]
[Result "0-1"]
[WhiteElo "1595"]
[BlackElo "1580"]
[PlyCount "84"]
[EventDate "2016.??.??"]

1. e4 e5 2. Nf3 Nc6 3. Bb5 Bc5 4. d3 Nd4 5. Nxd4 Bxd4 6. O-O a6 7. Bc4 Nf6 8.
c3 Ba7 9. Bg5 h6 10. Bh4 d6 11. h3 Be6 12. Nd2 b5 13. Bxe6 fxe6 14. c4 O-O 15.
b4 Qe8 16. Rc1 c6 17. c5 d5 18. Nf3 Bb8 19. Qe2 Nh5 20. Qb2 d4 21. Qd2 Ra7 22.
Nh2 Raf7 23. f3 Nf4 24. Ng4 Nxh3+ 25. gxh3 Rxf3 26. Qg2 Rxf1+ 27. Rxf1 Rxf1+
28. Qxf1 Qg6 29. Qg2 Kh8 30. Bg3 Qg5 31. Kh2 h5 32. Qf3 hxg4 33. Qf8+ Kh7 34.
Qxb8 Qd2+ 35. Kg1 gxh3 36. Bf2 Qg5+ 37. Kf1 Qg2+ 38. Ke2 h2 39. Qxe5 Qg4+ 40.
Kd2 h1=Q 41. Bxd4 Qgg2+ 42. Kc3 Qc1+ 0-1

[Event "Veterans Bdr 2016"]
[Site "Aubagne"]
[Date "2016.12.05"]
[Round "2.6"]
[White "Alfaro, Michel"]
[Black "Souesme, Gerard"]
[Result "1-0"]
[WhiteElo "1548"]
[BlackElo "1433"]
[PlyCount "45"]
[EventDate "2016.??.??"]

1. Nf3 c5 2. g3 Nc6 3. Bg2 g6 4. d4 Bg7 5. d5 Ne5 6. O-O Nxf3+ 7. Bxf3 d6 8. c4
Nf6 9. Nc3 O-O 10. Bf4 Bg4 11. Bg2 Qd7 12. Qd2 Bh3 13. Rfe1 Bxg2 14. Kxg2 Rfe8
15. Rad1 Ng4 16. h3 Ne5 17. b3 Rab8 18. Bh6 a6 19. Bxg7 Kxg7 20. f4 Ng4 21.
hxg4 Qxg4 22. e4 h5 23. Qe2 1-0

[Event "Veterans Bdr 2016"]
[Site "Aubagne"]
[Date "2016.12.05"]
[Round "2.7"]
[White "Kauder, Wilfried"]
[Black "Lassalle, Marc"]
[Result "0-1"]
[WhiteElo "1399"]
[BlackElo "1480"]
[PlyCount "52"]
[EventDate "2016.??.??"]

1. e4 d6 2. d4 Nf6 3. Nc3 g6 4. Be2 Bg7 5. Nf3 O-O 6. Bg5 b6 7. Bxf6 Bxf6 8. e5
Bg7 9. exd6 exd6 10. d5 Re8 11. O-O c6 12. dxc6 Nxc6 13. Bb5 Qd7 14. Re1 Rxe1+
15. Qxe1 a6 16. Bxc6 Qxc6 17. Rd1 Bb7 18. Qd2 Rd8 19. Nd5 Kf8 20. Ng5 Qxd5 21.
Qxd5 Bxd5 22. Rxd5 Kg8 23. b3 h6 24. Nf3 Kf8 25. Nd4 Re8 26. c3 Re1# 0-1

[Event "Veterans Bdr 2016"]
[Site "Aubagne"]
[Date "2016.12.05"]
[Round "2.8"]
[White "Vicari-Vento, Salvatore"]
[Black "Roche, Alain"]
[Result "1-0"]
[WhiteElo "1477"]
[BlackElo "1372"]
[PlyCount "103"]
[EventDate "2016.??.??"]

1. e4 e6 2. d4 d5 3. e5 h6 4. Nf3 c5 5. c3 Ne7 6. a3 Nf5 7. Nbd2 cxd4 8. cxd4
Nc6 9. Nb3 Be7 10. g4 Nh4 11. Nxh4 Bxh4 12. Rb1 O-O 13. Be3 a5 14. Nd2 Bg5 15.
Qe2 b6 16. Nf3 Ba6 17. Bxg5 hxg5 18. Qe3 Bxf1 19. Kxf1 f6 20. Kg2 fxe5 21. Nxe5
Nxe5 22. Qxe5 Qe7 23. Rbe1 Rf6 24. Qxd5 Re8 25. Qe5 Qb7+ 26. Qe4 Qf7 27. Qe3
Rf4 28. f3 Qg6 29. Re2 e5 30. dxe5 Qc6 31. h3 Ref8 32. Rf1 Re8 33. Kg3 Qh6 34.
Kh2 Re6 35. Qb3 Rf8 36. Qc4 Qg6 37. Ref2 Kh8 38. f4 Rc6 39. Qd5 gxf4 40. Rxf4
Rxf4 41. Rxf4 Qc2+ 42. Qg2 Qg6 43. Rf5 Qe6 44. Qe4 g6 45. Rf2 Rc4 46. Rf6 Rc2+
47. Kg3 Qb3+ 48. Qf3 Qxb2 49. Rf8+ Kh7 50. Qf7+ Kh6 51. Rh8+ Kg5 52. Qf6# 1-0

[Event "Veterans Bdr 2016"]
[Site "Aubagne"]
[Date "2016.12.05"]
[Round "2.9"]
[White "Hunault, Francis"]
[Black "Le Gall, Louis"]
[Result "1-0"]
[WhiteElo "1358"]
[BlackElo "1474"]
[PlyCount "73"]
[EventDate "2016.??.??"]

1. d4 e6 2. e4 d5 3. Nd2 c5 4. c3 cxd4 5. cxd4 Nc6 6. Bb5 Bd7 7. Ngf3 Qb6 8.
Bxc6 Bxc6 9. e5 Bb5 10. Nb3 Rc8 11. Be3 Ne7 12. Rc1 Rc4 13. Nc5 Nf5 14. Rxc4
Nxe3 15. fxe3 Bxc4 16. b3 Bb5 17. Nd3 Be7 18. O-O O-O 19. Rf2 Rc8 20. Nf4 Rc3
21. Qd2 Qc7 22. h4 Bb4 23. Kh2 Be7 24. g4 Bd7 25. g5 g6 26. h5 Rc6 27. hxg6
hxg6 28. Rg2 Kg7 29. Qe1 Qc8 30. Kg3 Qd8 31. Kg4 Qc8 32. Qh1 f5+ 33. gxf6+ Bxf6
34. exf6+ Kxf6 35. Qh4+ Kg7 36. Qe7+ Kg8 37. Ne5 1-0

[Event "Veterans Bdr 2016"]
[Site "Aubagne"]
[Date "2016.12.05"]
[Round "2.10"]
[White "Amoros, Jean"]
[Black "Porte, Jacques"]
[Result "1-0"]
[WhiteElo "1458"]
[BlackElo "1346"]
[PlyCount "65"]
[EventDate "2016.??.??"]

1. e4 c5 2. Nf3 Nc6 3. d4 cxd4 4. Nxd4 Nf6 5. Nc3 e6 6. Bg5 Be7 7. Bc4 d6 8. f4
Bd7 9. O-O Nxd4 10. Qxd4 O-O 11. Kh1 Qc7 12. e5 dxe5 13. fxe5 Bc5 14. Qh4 Ne8
15. Bd3 g6 16. Bh6 Ng7 17. Be2 Qxe5 18. Ne4 f5 19. Nxc5 Qxc5 20. Bd3 Rf7 21.
Rf3 Bc6 22. Rh3 Qd5 23. Rg3 Rd8 24. Rd1 Bb5 25. h3 Qe5 26. Qxd8+ Rf8 27. Qh4 f4
28. Rf3 Nf5 29. Bxf5 Qxf5 30. Rxf4 Qxf4 31. Bxf4 Bc6 32. Be5 Kf7 33. Qf6+ 1-0